[Event "Montreal-Tch"]
[Site "Montreal CAN"]
[Date "1980.02.25"]
[Round "1"]
[White "Brodie, Hugh"]
[Black "Quint, Steven"]
[Result "1-0"]
[WhiteElo "1818"]
[BlackElo "1650"]
[PlyCount "87"]
[EventDate "1980.02.25"]
[EventType "team"]
[EventRounds "7"]
[EventCountry "CAN"]

1. e4 e5 2. Nc3 Nf6 3. f4 d5 4. fxe5 Nxe4 5. Nf3 Nxc3 6. bxc3 Be6 7. d4 Be7 8.
Be2 c5 9. O-O O-O 10. Be3 Nd7 11. Qd2 c4 12. Bg5 f6 13. exf6 Nxf6 14. Bxf6 Rxf6
15. Ne5 Qc7 16. Rxf6 Bxf6 17. Bg4 Qd6 18. Bxe6+ Qxe6 19. Re1 Re8 20. Nf3 Qd7
21. Kf2 Rxe1 22. Qxe1 Qe7 23. Qb1 b6 24. Qb5 Qe4 25. Nd2 Qf4+ 26. Nf3 Qe4 27.
Kf1 h6 28. Qd7 Qxc2 29. Qxd5+ Kh7 30. Qxc4 Qc1+ 31. Ke2 Qc2+ 32. Nd2 Bg5 33.
Qd3+ Qxd3+ 34. Kxd3 Kg6 35. Ne4 Be7 36. Kc4 Kf5 37. Kd5 a6 38. Nd6+ Kf4 39. c4
g6 40. c5 bxc5 41. dxc5 Ke3 42. Ke6 Bd8 43. Kd7 Ba5 44. Nc4+ 1-0

[Event "Montreal-Tch"]
[Site "Montreal CAN"]
[Date "1980.03.03"]
[Round "2"]
[White "Dupuis, Stephane"]
[Black "Brodie, Hugh"]
[Result "1/2-1/2"]
[WhiteElo "1580"]
[BlackElo "1818"]
[PlyCount "72"]
[EventDate "1980.02.25"]
[EventType "team"]
[EventRounds "7"]
[EventCountry "CAN"]

1. d4 e6 2. e4 b6 3. Nc3 Bb7 4. Bd3 Nf6 5. Nf3 Bb4 6. Qe2 c5 7. dxc5 bxc5 8. e5
Nd5 9. Bd2 Bxc3 10. bxc3 Qc7 11. Ng5 g6 12. O-O Nc6 13. f4 d6 14. f5 gxf5 15.
Rxf5 Nxe5 16. Bb5+ Bc6 17. Bxc6+ Qxc6 18. Rxf7 Nxf7 19. Qxe6+ Ne7 20. Nxf7 Rg8
21. Bg5 Rxg5 22. Nxg5 Qd5 23. Qxd5 Nxd5 24. Rd1 Nxc3 25. Rxd6 Nxa2 26. Nxh7 Nb4
27. g4 a5 28. Ng5 a4 29. Ne4 a3 30. Nxc5 a2 31. Nb3 a1=Q+ 32. Nxa1 Rxa1+ 33.
Kg2 Nxc2 34. Rc6 Nd4 35. Rc7 Ne6 36. Rb7 Ra3 1/2-1/2

[Event "Montreal-Tch"]
[Site "Montreal CAN"]
[Date "1980.03.10"]
[Round "3"]
[White "Dupuis, Claude"]
[Black "Brodie, Hugh"]
[Result "0-1"]
[WhiteElo "1821"]
[BlackElo "1818"]
[PlyCount "134"]
[EventDate "1980.02.25"]
[EventType "team"]
[EventRounds "7"]
[EventCountry "CAN"]

1. e4 c5 2. Nf3 Nc6 3. d4 cxd4 4. Nxd4 g6 5. Nc3 Bg7 6. Be3 Nf6 7. Bc4 Qa5 8.
O-O O-O 9. Nb3 Qc7 10. f4 d6 11. h3 Nb4 12. Be2 Be6 13. Nd4 Bc4 14. f5 a6 15.
fxg6 hxg6 16. a3 Bxe2 17. Qxe2 Nc6 18. Rad1 Ne5 19. Nd5 Nxd5 20. exd5 Qc4 21.
Qxc4 Nxc4 22. Bc1 Rac8 23. b3 Ne5 24. c4 Rb8 25. Bf4 Nd7 26. Bg5 Rfe8 27. Rf3
Bf6 28. Bxf6 Nxf6 29. Re3 Nd7 30. a4 Rbc8 31. Rde1 Ne5 32. R1e2 Kg7 33. Kf2 e6
34. dxe6 fxe6 35. Ke1 Rc7 36. Kd2 Kf7 37. Kc3 Rc5 38. Kb4 Nc6+ 39. Kc3 Nxd4 40.
Kxd4 Rf5 41. Re4 Rf1 42. Re1 Rf6 43. R1e2 Ke7 44. Rh4 Kd7 45. Rh7+ Kc6 46. Rg7
e5+ 47. Kd3 b5 48. axb5+ axb5 49. cxb5+ Kxb5 50. Ke4 Rf4+ 51. Ke3 Re6 52. Rc2
d5 53. Rb7+ Rb6 54. Rcc7 Rb4 55. Rxb6+ Kxb6 56. Rg7 Rxb3+ 57. Ke2 Rb2+ 58. Kf1
e4 59. Rxg6+ Kc5 60. Re6 Kd4 61. Ra6 e3 62. Ra4+ Kd3 63. Ra3+ Ke4 64. Ra1 d4
65. h4 d3 66. h5 Rf2+ 67. Kg1 d2 0-1

[Event "Montreal-Tch"]
[Site "Montreal CAN"]
[Date "1980.03.31"]
[Round "6"]
[White "Caron, Francis"]
[Black "Brodie, Hugh"]
[Result "0-1"]
[WhiteElo "1720"]
[BlackElo "1818"]
[PlyCount "60"]
[EventDate "1980.02.25"]
[EventType "team"]
[EventRounds "7"]
[EventCountry "CAN"]

1. e4 c5 2. Nf3 Nc6 3. d4 cxd4 4. Nxd4 g6 5. Nc3 Bg7 6. Be3 Nf6 7. Bc4 Qa5 8.
O-O O-O 9. Bb3 d6 10. h3 Bd7 11. f4 Rfc8 12. Qd2 Nxd4 13. Bxd4 Nxe4 14. Qe3
Bxd4 15. Qxd4 Nxc3 16. bxc3 Rxc3 17. Rae1 Re8 18. f5 Bxf5 19. Rxf5 gxf5 20.
Bxf7+ Kxf7 21. Qh4 e5 22. Qxh7+ Ke6 23. Qg6+ Kd7 24. Qxf5+ Kc6 25. Qe4+ Kc7 26.
Rb1 Qc5+ 27. Kh2 d5 28. Qa4 Rg8 29. Rb5 Rxh3+ 30. Kxh3 Qe3+ 0-1

[Event "Ottawa Valley op"]
[Site "Ottawa CAN"]
[Date "1980.02.08"]
[Round "1"]
[White "Brodie, Hugh"]
[Black "Webb, Robert"]
[Result "1-0"]
[WhiteElo "1880"]
[BlackElo "1600"]
[PlyCount "67"]
[EventDate "1980.02.08"]
[EventType "tourn"]
[EventRounds "6"]
[EventCountry "CAN"]

1. f4 d5 2. Nf3 Nf6 3. b3 c5 4. e3 Nc6 5. Bb5 Bd7 6. Bb2 e6 7. O-O Bd6 8. Bxc6
Bxc6 9. d3 Qc7 10. Nbd2 O-O-O 11. Ne5 Ne8 12. Qh5 g6 13. Qh3 Rg8 14. Qxh7 Rg7
15. Qh3 f5 16. Nxc6 Rh7 17. Nxa7+ Kb8 18. Nc6+ bxc6 19. Qg3 g5 20. Qxg5 Ng7 21.
Nf3 d4 22. Ne5 Rdh8 23. h3 Nh5 24. exd4 Rg7 25. Qh4 Be7 26. Qe1 Ng3 27. Rf3 Bh4
28. dxc5 Ne4 29. Qb4+ Kc8 30. dxe4 Rxg2+ 31. Kxg2 Qg7+ 32. Kh1 Bg3 33. Qb8+
Kxb8 34. Nxc6+ 1-0

[Event "Ottawa Valley op"]
[Site "Ottawa CAN"]
[Date "1980.02.09"]
[Round "2"]
[White "Morin, Louis"]
[Black "Brodie, Hugh"]
[Result "1-0"]
[WhiteElo "1871"]
[BlackElo "1880"]
[PlyCount "60"]
[EventDate "1980.02.08"]
[EventType "tourn"]
[EventRounds "6"]
[EventCountry "CAN"]

1. e4 c5 2. d4 cxd4 3. c3 Nf6 4. e5 Nd5 5. Qxd4 e6 6. Bc4 Nc6 7. Qe4 Nb6 8. Bb3
d6 9. exd6 Bxd6 10. Nf3 Na5 11. Bc2 Nd5 12. O-O Nf6 13. Qh4 Qc7 14. Bg5 Be7 15.
Nbd2 Bd7 16. Rad1 O-O-O 17. Ne4 Bb5 18. Rfe1 Nxe4 19. Bxe7 Rde8 20. Bb4 Nf6 21.
Bd6 Qb6 22. Ne5 g5 23. Qxg5 Nd5 24. Nxf7 Rhg8 25. Qh6 Nc4 26. Rxe6 Qc6 27. Be4
Ncb6 28. Bxh7 Rxg2+ 29. Kh1 Reg8 30. Bg3 Qc4 1-0

[Event "Ottawa Valley op"]
[Site "Ottawa CAN"]
[Date "1980.02.09"]
[Round "3"]
[White "Brodie, Hugh"]
[Black "Limebeer, J."]
[Result "1-0"]
[WhiteElo "1880"]
[BlackElo "1520"]
[PlyCount "37"]
[EventDate "1980.02.08"]
[EventType "tourn"]
[EventRounds "6"]
[EventCountry "CAN"]

1. f4 d5 2. Nf3 c5 3. e3 a6 4. b3 Nc6 5. Bb2 e6 6. Be2 Nf6 7. O-O Bd6 8. Ne5
O-O 9. d3 Ne7 10. Nd2 b5 11. Rf3 Qb6 12. Rh3 h6 13. Qe1 Kh7 14. Ndf3 Ng6 15.
Ng5+ Kg8 16. Ngxf7 Rxf7 17. Nxg6 Kh7 18. Ne5 Nd7 19. Nxf7 1-0

[Event "Ottawa Valley op"]
[Site "Ottawa CAN"]
[Date "1980.02.09"]
[Round "4"]
[White "Chobanov, Gabriel"]
[Black "Brodie, Hugh"]
[Result "1/2-1/2"]
[WhiteElo "1583"]
[BlackElo "1880"]
[PlyCount "81"]
[EventDate "1980.02.08"]
[EventType "tourn"]
[EventRounds "6"]
[EventCountry "CAN"]

1. e4 c5 2. Nf3 Nc6 3. d4 cxd4 4. Nxd4 Nf6 5. Nc3 g6 6. Be3 Bg7 7. Be2 O-O 8.
O-O d5 9. exd5 Nxd5 10. Nxd5 Nxd4 11. Bxd4 Qxd5 12. Bxg7 Qxd1 13. Raxd1 Kxg7
14. Bf3 Rb8 15. Rfe1 Be6 16. b3 b6 17. Bd5 Bxd5 18. Rxd5 Rb7 19. Red1 Rc7 20.
c4 Rfc8 21. a4 e6 22. Rd6 Rc5 23. Rd7 R8c7 24. f3 Kf6 25. Kf2 a6 26. R7d6 R7c6
27. f4 b5 28. Rxc6 Rxc6 29. axb5 axb5 30. Rd4 bxc4 31. Rxc4 Rxc4 32. bxc4 e5
33. Ke3 exf4+ 34. Kxf4 h6 35. Ke4 Ke6 36. Kd4 Kd6 37. c5+ Ke6 38. Kc4 f5 39.
Kb5 Kd7 40. c6+ Kc7 41. Kc5 1/2-1/2

[Event "Ottawa Valley op"]
[Site "Ottawa CAN"]
[Date "1980.02.10"]
[Round "5"]
[White "Brodie, Hugh"]
[Black "De Jesus, Enrique"]
[Result "1/2-1/2"]
[WhiteElo "1880"]
[BlackElo "1800"]
[PlyCount "75"]
[EventDate "1980.02.08"]
[EventType "tourn"]
[EventRounds "6"]
[EventCountry "CAN"]

1. f4 c5 2. Nf3 Nc6 3. e4 e6 4. Nc3 a6 5. d3 d5 6. e5 b5 7. g3 h5 8. Bg2 Nh6 9.
Qe2 Nf5 10. Nd1 h4 11. g4 Nfd4 12. Qf2 h3 13. Bf1 Nxf3+ 14. Qxf3 Nd4 15. Qf2
Qh4 16. Qxh4 Rxh4 17. Ne3 Bb7 18. Kf2 b4 19. Kg3 Rh7 20. Rg1 Be7 21. g5 Kd7 22.
c3 Nb5 23. Bd2 d4 24. Nd1 f6 25. c4 Nc7 26. Be2 f5 27. Bf3 Bxf3 28. Kxf3 g6 29.
Nf2 a5 30. Rg3 Rah8 31. Ke2 a4 32. Rag1 Ne8 33. Rf3 Ng7 34. Rgg3 Nh5 35. Rxh3
Bd8 36. Kf1 Ba5 37. Bc1 Rb8 38. Nd1 1/2-1/2

[Event "Ottawa Valley op"]
[Site "Ottawa CAN"]
[Date "1980.02.10"]
[Round "6"]
[White "Poirier, A."]
[Black "Brodie, Hugh"]
[Result "1/2-1/2"]
[WhiteElo "1554"]
[BlackElo "1880"]
[PlyCount "98"]
[EventDate "1980.02.08"]
[EventType "tourn"]
[EventRounds "6"]
[EventCountry "CAN"]

1. e4 c5 2. Nf3 Nc6 3. d4 cxd4 4. Nxd4 g6 5. Be3 Nf6 6. Nc3 Bg7 7. Bd3 O-O 8.
O-O d5 9. Nxc6 bxc6 10. exd5 cxd5 11. Bd4 Re8 12. Bb5 Bd7 13. Bxd7 Qxd7 14.
Bxf6 Bxf6 15. Qxd5 Qxd5 16. Nxd5 Bxb2 17. Rab1 Rab8 18. Rfe1 e6 19. Ne3 Bc3 20.
Red1 Kf8 21. Rb3 Rxb3 22. cxb3 Ke7 23. Rc1 Be5 24. Nc4 Rc8 25. g3 Rc6 26. Kg2
Bc7 27. Rd1 e5 28. Re1 Re6 29. g4 f5 30. h3 e4 31. gxf5 gxf5 32. Ne3 Rg6+ 33.
Kf1 Ke6 34. Rc1 Bb6 35. Rc6+ Kd7 36. Rxg6 hxg6 37. Nc4 Bd4 38. Ke2 Ke6 39. f4
exf3+ 40. Kxf3 g5 41. Na3 Kd5 42. Nc2 Bc5 43. a3 Bb6 44. a4 Bg1 45. Kg2 Bb6 46.
Kf3 Bd4 47. Nb4+ Kd6 48. Nc2 Ke5 49. Nb4 Kd6 1/2-1/2

[Event "Pere Noel"]
[Site "Montreal CAN"]
[Date "1979.12.26"]
[Round "1"]
[White "Brodie, Hugh"]
[Black "Nguyen, Tuong"]
[Result "1-0"]
[WhiteElo "1880"]
[BlackElo "1549"]
[PlyCount "77"]
[EventDate "1979.12.26"]
[EventType "swiss"]
[EventRounds "5"]
[EventCountry "CAN"]

1. f4 Nf6 2. Nf3 d6 3. Nc3 Nc6 4. d4 Bg4 5. e4 e6 6. Be3 Be7 7. Bd3 Nb4 8. O-O
Nxd3 9. Qxd3 c6 10. h3 Bh5 11. g4 Nxg4 12. hxg4 Bxg4 13. Kf2 Bh4+ 14. Ke2 f6
15. Bf2 Bxf2 16. Rxf2 Qb6 17. b3 e5 18. Rg2 h5 19. dxe5 dxe5 20. Qe3 Qa5 21. f5
O-O-O 22. Rh1 Qa3 23. Kf2 Qb2 24. Kg3 Bxf3 25. Kxf3 h4 26. Qc5 h3 27. Rgh2 Rh4
28. Kg3 Rf4 29. Rb1 Rf3+ 30. Kxf3 Rd3+ 31. cxd3 Qxh2 32. Qf8+ Kc7 33. Nd5+ cxd5
34. Rc1+ Kb6 35. Qd6+ Ka5 36. Rc5+ b5 37. Rxb5+ Kxb5 38. a4+ Ka5 39. Qc5+ 1-0

[Event "Pere Noel"]
[Site "Montreal CAN"]
[Date "1979.12.27"]
[Round "2"]
[White "Sauve, Richard"]
[Black "Brodie, Hugh"]
[Result "1/2-1/2"]
[WhiteElo "1672"]
[BlackElo "1880"]
[PlyCount "110"]
[EventDate "1979.12.26"]
[EventType "swiss"]
[EventRounds "5"]
[EventCountry "CAN"]

1. Nf3 b6 2. g3 Bb7 3. Bg2 f5 4. O-O Nf6 5. d3 e6 6. Nbd2 Be7 7. e4 fxe4 8. Ng5
O-O 9. Ngxe4 Nc6 10. b3 Nxe4 11. Nxe4 Bf6 12. Nxf6+ Qxf6 13. Rb1 Na5 14. Bb2
Qg6 15. Qe2 Bxg2 16. Kxg2 Nc6 17. Rbe1 Ne7 18. Qe4 Rae8 19. Ba3 Rf7 20. Bxe7
Qxe4+ 21. Rxe4 Rfxe7 22. Rfe1 Rf8 23. d4 Ref7 24. R1e2 Rf6 25. c4 Kf7 26. d5
Ke7 27. Rh4 h6 28. Rg4 R8f7 29. Rge4 Kd6 30. dxe6 Rxe6 31. Rxe6+ dxe6 32. Kf1
Re7 33. Ke1 Kc5 34. Kd2 Kd4 35. f3 e5 36. Re4+ Kc5 37. Kc3 a5 38. Re2 Kd6 39.
Kd3 Rd7 40. Re4 Ke6+ 41. Ke2 Kf6 42. Rg4 Rd4 43. Rxd4 exd4 44. Kd3 c5 45. Ke4
Kg5 46. a4 Kf6 47. Kf4 g5+ 48. Ke4 h5 49. Kd3 Kf5 50. Ke2 h4 51. Kd3 Ke5 52.
Ke2 hxg3 53. hxg3 g4 54. f4+ Ke4 55. Kd2 d3 1/2-1/2

[Event "Pere Noel"]
[Site "Montreal CAN"]
[Date "1979.12.28"]
[Round "3"]
[White "Brodie, Hugh"]
[Black "Klivczow, Michel"]
[Result "1-0"]
[WhiteElo "1880"]
[BlackElo "1682"]
[PlyCount "89"]
[EventDate "1979.12.26"]
[EventType "swiss"]
[EventRounds "5"]
[EventCountry "CAN"]

1. f4 d5 2. Nf3 Nf6 3. e3 Bg4 4. b3 g6 5. Bb2 Bg7 6. Be2 O-O 7. O-O c5 8. Ne5
Bxe2 9. Qxe2 Nc6 10. Nxc6 bxc6 11. d3 Ne8 12. Bxg7 Nxg7 13. Nd2 Qd6 14. e4 e5
15. f5 gxf5 16. exf5 f6 17. Rae1 Qd7 18. g4 Rae8 19. Qf2 Re7 20. Qxc5 Ne8 21.
Rf2 Rg7 22. Rg2 Nd6 23. Qf2 Kh8 24. Kh1 Rfg8 25. Reg1 Nb5 26. a4 Nc3 27. Qc5 d4
28. Ne4 Nxe4 29. dxe4 Qb7 30. g5 Qb6 31. Qxb6 axb6 32. gxf6 Rxg2 33. Rxg2 Rf8
34. Rg7 Rxf6 35. Re7 Rd6 36. Rxe5 d3 37. cxd3 Rxd3 38. Re6 Rxb3 39. Rxc6 Rb4
40. e5 Rf4 41. f6 Kg8 42. Rxb6 Rxa4 43. e6 h6 44. Rb8+ Kh7 45. e7 1-0

[Event "Pere Noel"]
[Site "Montreal CAN"]
[Date "1979.12.29"]
[Round "4"]
[White "Zalys, Ignas"]
[Black "Brodie, Hugh"]
[Result "1-0"]
[WhiteElo "1891"]
[BlackElo "1880"]
[PlyCount "101"]
[EventDate "1979.12.26"]
[EventType "swiss"]
[EventRounds "5"]
[EventCountry "CAN"]

1. e4 c5 2. b3 d6 3. Bb2 Nf6 4. Nc3 a6 5. a4 Nc6 6. f4 Bg4 7. Be2 Bxe2 8. Ngxe2
e6 9. O-O Be7 10. d3 O-O 11. Qd2 Qc7 12. Nd1 b5 13. Nf2 d5 14. e5 Nd7 15. Qe3
Nb4 16. Rfc1 d4 17. Qh3 Qb6 18. c3 dxc3 19. Bxc3 Nd5 20. a5 Qa7 21. Bd2 Rac8
22. Kf1 Rc6 23. Nc3 Nxc3 24. Rxc3 Rfc8 25. Rac1 Qb7 26. Qf3 f6 27. d4 fxe5 28.
fxe5 Rf8 29. Qe4 Qc7 30. Rh3 g6 31. b4 c4 32. Bc3 Bg5 33. Re1 Rf4 34. Qe2 Qd8
35. Kg1 Qf8 36. Ne4 Be7 37. Qd2 Rc8 38. d5 Qf5 39. Ng3 Qf8 40. dxe6 Nb8 41. Ne2
Rf5 42. Nd4 Rd8 43. Qe2 Rf4 44. Qe3 Bg5 45. Nf3 Rxf3 46. Qxf3 Qe7 47. Qf7+ Qxf7
48. exf7+ Kxf7 49. e6+ Ke8 50. Rxh7 Nc6 51. h4 1-0

[Event "Pere Noel"]
[Site "Montreal CAN"]
[Date "1979.12.30"]
[Round "5"]
[White "Brodie, Hugh"]
[Black "Melkonian, Sam"]
[Result "1-0"]
[WhiteElo "1880"]
[BlackElo "1742"]
[PlyCount "47"]
[EventDate "1979.12.26"]
[EventType "swiss"]
[EventRounds "5"]
[EventCountry "CAN"]

1. Nf3 c5 2. b3 d6 3. Bb2 Nc6 4. e3 Nf6 5. Bb5 Qb6 6. c4 g6 7. Nc3 Bg7 8. Nd5
Qd8 9. Nxf6+ Bxf6 10. Bxf6 exf6 11. h3 O-O 12. Bxc6 bxc6 13. O-O a5 14. d4 cxd4
15. Nxd4 Qc7 16. Qf3 Bb7 17. Qxf6 Rfe8 18. Rfd1 Rad8 19. Rac1 Rd7 20. Qf4 Re5
21. Rd2 Kg7 22. Rcd1 h6 23. Qxe5+ dxe5 24. Ne6+ 1-0

[Event "Montreal op"]
[Site "Montreal CAN"]
[Date "1979.09.01"]
[Round "1"]
[White "Brodie, Hugh"]
[Black "Seguin, Pierre"]
[Result "1-0"]
[WhiteElo "1777"]
[BlackElo "1342"]
[PlyCount "39"]
[EventDate "1979.09.01"]
[EventType "swiss"]
[EventRounds "6"]
[EventCountry "CAN"]

1. f4 d5 2. e3 Nc6 3. Nf3 Bg4 4. Bb5 e6 5. b3 Bd6 6. Bb2 f6 7. O-O Nh6 8. Qe1
Qe7 9. d3 O-O 10. Bxc6 bxc6 11. Nbd2 e5 12. fxe5 fxe5 13. e4 Nf7 14. Qg3 Bh5
15. Qh3 Bg6 16. Nh4 Ng5 17. Qg4 Bf7 18. Nf5 Qd8 19. h4 Ne6 20. Nh6+ 1-0

[Event "Montreal op"]
[Site "Montreal CAN"]
[Date "1979.09.01"]
[Round "2"]
[White "Levtchouk, George"]
[Black "Brodie, Hugh"]
[Result "1-0"]
[WhiteElo "1909"]
[BlackElo "1771"]
[PlyCount "51"]
[EventDate "1979.09.01"]
[EventType "swiss"]
[EventRounds "6"]
[EventCountry "CAN"]

1. c4 Nf6 2. Nc3 c5 3. Nf3 g6 4. e3 Bg7 5. d4 O-O 6. Be2 d6 7. O-O Nc6 8. d5
Nb8 9. e4 Bg4 10. Bf4 Nh5 11. Bg5 h6 12. Be3 Nd7 13. Qd2 Bxf3 14. Bxf3 Kh7 15.
Bxh5 gxh5 16. f4 f5 17. exf5 Rxf5 18. Qc2 Qf8 19. Ne2 Kg8 20. Ng3 Rf7 21. Nxh5
Nf6 22. Nxg7 Qxg7 23. Rae1 Raf8 24. Re2 Qg4 25. Bc1 Rg7 26. b3 1-0

[Event "Montreal op"]
[Site "Montreal CAN"]
[Date "1979.09.02"]
[Round "3"]
[White "Brodie, Hugh"]
[Black "Deschamps, Claude"]
[Result "1-0"]
[WhiteElo "1771"]
[BlackElo "1435"]
[PlyCount "67"]
[EventDate "1979.09.01"]
[EventType "swiss"]
[EventRounds "6"]
[EventCountry "CAN"]

1. f4 Nf6 2. Nf3 g6 3. b3 Bg7 4. Bb2 O-O 5. e3 d6 6. Be2 Nc6 7. O-O a6 8. Qe1
Re8 9. Qh4 e5 10. fxe5 Nxe5 11. Nc3 Bf5 12. Nd4 Bg4 13. Bxg4 Nexg4 14. Rae1 c5
15. Nde2 Qc7 16. h3 Ne5 17. Rxf6 Qd8 18. Nd5 Re6 19. Ref1 Nd7 20. Qf2 Nxf6 21.
Bxf6 Bxf6 22. Nxf6+ Kg7 23. Nd5 f5 24. Qg3 Re5 25. Nef4 Kf7 26. c4 b5 27. Nd3
Re6 28. Rf4 Qa5 29. e4 Rxe4 30. Rxe4 fxe4 31. Qf4+ Kg7 32. Qf6+ Kh6 33. Nf2
Qxd2 34. Ng4+ 1-0

[Event "Montreal op"]
[Site "Montreal CAN"]
[Date "1979.09.02"]
[Round "4"]
[White "Brodie, Hugh"]
[Black "Desforges, Jean"]
[Result "1-0"]
[WhiteElo "1771"]
[BlackElo "1679"]
[PlyCount "119"]
[EventDate "1979.09.01"]
[EventType "swiss"]
[EventRounds "6"]
[EventCountry "CAN"]

1. f4 Nf6 2. Nf3 e6 3. b3 Be7 4. Bb2 O-O 5. e3 b6 6. Bd3 Bb7 7. O-O Ne4 8. Ne5
Bf6 9. Nc3 Nxc3 10. Bxc3 g6 11. Qg4 Qe7 12. e4 d6 13. Nc4 Bxc3 14. dxc3 f5 15.
exf5 exf5 16. Qg3 Nd7 17. Rae1 Qf6 18. Nd2 Rae8 19. Re3 Rxe3 20. Qxe3 Nc5 21.
Re1 Kg7 22. Qe7+ Qxe7 23. Rxe7+ Rf7 24. Rxf7+ Kxf7 25. Kf2 Kf6 26. g3 Ne4+ 27.
Nxe4+ fxe4 28. Be2 d5 29. Ke3 c5 30. Bb5 h6 31. Bd7 a6 32. Bh3 g5 33. Bg4 Kg6
34. Bd7 Kf6 35. Bg4 Bc6 36. Bc8 a5 37. Bg4 a4 38. Be2 Ke7 39. h4 Kf6 40. hxg5+
hxg5 41. Bg4 b5 42. bxa4 b4 43. cxb4 d4+ 44. Kd2 cxb4 45. a5 Bb5 46. Be2 Bc6
47. fxg5+ Kxg5 48. a6 Bd5 49. a7 Kf6 50. Kc1 Ke7 51. Bc4 Bc6 52. Kb2 Kd6 53.
Kb3 Kc5 54. g4 e3 55. g5 e2 56. Bxe2 Bd5+ 57. Ka4 Kb6 58. Kxb4 Kxa7 59. g6 Kb6
60. Bc4 1-0

[Event "Montreal op"]
[Site "Montreal CAN"]
[Date "1979.09.03"]
[Round "5"]
[White "Saad, Rifki"]
[Black "Brodie, Hugh"]
[Result "0-1"]
[WhiteElo "1946"]
[BlackElo "1771"]
[PlyCount "141"]
[EventDate "1979.09.01"]
[EventType "swiss"]
[EventRounds "6"]
[EventCountry "CAN"]

1. d4 e6 2. c4 Bb4+ 3. Nc3 f5 4. Bd2 Bxc3 5. Bxc3 Nf6 6. f3 O-O 7. h4 b6 8. h5
Bb7 9. h6 g6 10. Nh3 d6 11. Qd2 Nbd7 12. Ng5 Qe7 13. O-O-O e5 14. dxe5 Nxe5 15.
e3 Rae8 16. Re1 Nf7 17. f4 Nxg5 18. fxg5 Ne4 19. Qd4 Nxc3 20. Qxc3 Rf7 21. c5
bxc5 22. Bc4 d5 23. Bd3 c4 24. Bc2 Qxg5 25. Ba4 Re6 26. Re2 Rfe7 27. Rh3 Qf6
28. Qd2 Ra6 29. Qb4 Rb6 30. Qa5 a6 31. Qd2 Qe5 32. Bd1 Rc6 33. Qb4 Rb6 34. Qd2
Re8 35. Rf3 Bc6 36. Rff2 Reb8 37. Qa5 Bb5 38. a4 Bd7 39. Rd2 Be6 40. Bf3 Rd8
41. Qc5 Qd6 42. Qd4 Qe7 43. e4 Rbd6 44. exf5 gxf5 45. g4 f4 46. g5 R6d7 47.
Rde2 Qf7 48. Re5 a5 49. Qd1 Bf5 50. Rfe2 Be4 51. Bg4 Rd6 52. Rd2 c3 53. bxc3
Rb8 54. Rxe4 Rdb6 55. Rb4 axb4 56. Rxd5 Qe7 57. Qb3 Kh8 58. Qc4 Qe3+ 59. Kd1
bxc3 60. Qd4+ Qxd4+ 61. Rxd4 Rb2 62. Rxf4 R2b4 63. Rxb4 Rxb4 64. Be2 Rxa4 65.
Kc2 Ra2+ 66. Kd3 c2 67. g6 c1=N+ 68. Ke3 Rxe2+ 69. Kf3 c5 70. g7+ Kg8 71. Kf4
0-1

[Event "Montreal op"]
[Site "Montreal CAN"]
[Date "1979.09.03"]
[Round "6"]
[White "Poulin, Maurice"]
[Black "Brodie, Hugh"]
[Result "1/2-1/2"]
[WhiteElo "1910"]
[BlackElo "1771"]
[PlyCount "124"]
[EventDate "1979.09.01"]
[EventType "swiss"]
[EventRounds "6"]
[EventCountry "CAN"]

1. e4 c5 2. Nf3 Nc6 3. d4 cxd4 4. Nxd4 g6 5. c4 Nf6 6. Nc3 Bg7 7. Be3 Ng4 8.
Qxg4 Nxd4 9. Qd1 Ne6 10. Qd2 d6 11. Be2 O-O 12. O-O b6 13. Rac1 Bb7 14. Nd5 Rc8
15. f3 Qd7 16. Bd3 Nc5 17. Bb1 Bxd5 18. cxd5 Rc7 19. b3 Rfc8 20. Rc2 Na6 21.
Rfc1 Rxc2 22. Rxc2 Rxc2 23. Qxc2 Qc7 24. Qxc7 Nxc7 25. Bd3 Bc3 26. Kf1 Kf8 27.
Ke2 Ke8 28. Kd1 Kd7 29. Kc2 Bb4 30. Kb2 e6 31. dxe6+ fxe6 32. h4 Bc5 33. Bg5
Bd4+ 34. Kc2 d5 35. g4 dxe4 36. Bxe4 Ne8 37. Bd3 Nf6 38. Bb5+ Kd6 39. Kd3 Bb2
40. Bf4+ Be5 41. Bd2 Nd5 42. Bc4 Kc5 43. Ke4 Bc7 44. Bxd5 exd5+ 45. Kd3 Bg3 46.
h5 gxh5 47. gxh5 Be5 48. Be3+ Kc6 49. f4 Bg7 50. a4 a6 51. Bd4 Bf8 52. f5 b5
53. Ke3 bxa4 54. bxa4 Bh6+ 55. Kf3 Kd6 56. Kg4 Bd2 57. Bg7 Bc1 58. Kf3 Bd2 59.
Ke2 Bf4 60. Kd3 Bc1 61. Kc2 Bf4 62. Kb3 Bd2 1/2-1/2

[Event "Summer Special"]
[Site "Toronto CAN"]
[Date "1979.08.04"]
[Round "1"]
[White "Brodie, Hugh"]
[Black "Bruce, Earle"]
[Result "1-0"]
[WhiteElo "1777"]
[BlackElo "1844"]
[PlyCount "59"]
[EventDate "1979.08.04"]
[EventType "swiss"]
[EventRounds "9"]
[EventCountry "CAN"]

1. f4 d5 2. Nf3 Nf6 3. e3 e6 4. b3 c5 5. Bb2 Nc6 6. Bb5 a6 7. Bxc6+ bxc6 8. O-O
Bd6 9. d3 O-O 10. Nbd2 Ng4 11. Qe1 f5 12. h3 Nf6 13. Ne5 Qb6 14. Rf3 Nd7 15.
Nxd7 Bxd7 16. Rg3 g6 17. Nf3 Be7 18. Qe2 a5 19. Ne5 Be8 20. Qh5 Bf6 21. Nd7 Qd8
22. Nxf6+ Rxf6 23. Bxf6 Qxf6 24. Rf1 Qb2 25. Qe2 Qxa2 26. e4 fxe4 27. dxe4 d4
28. f5 e5 29. fxg6 hxg6 30. Qf2 1-0

[Event "Summer Special"]
[Site "Toronto CAN"]
[Date "1979.08.05"]
[Round "2"]
[White "Husain, Imtiaz"]
[Black "Brodie, Hugh"]
[Result "0-1"]
[WhiteElo "1897"]
[BlackElo "1777"]
[PlyCount "80"]
[EventDate "1979.08.04"]
[EventType "swiss"]
[EventRounds "9"]
[EventCountry "CAN"]

1. b4 c6 2. Bb2 Qb6 3. a3 a5 4. c4 axb4 5. c5 Qc7 6. axb4 Rxa1 7. Bxa1 Nf6 8.
Nc3 b6 9. d4 bxc5 10. dxc5 g6 11. Ne4 Bg7 12. Bxf6 Bxf6 13. Nxf6+ exf6 14. Qa1
Qf4 15. Kd1 O-O 16. Qa3 Qd4+ 17. Kc2 d6 18. Nf3 Bf5+ 19. Kc1 Qc4+ 20. Kd1 dxc5
21. e3 Rd8+ 22. Ke1 Qxb4+ 23. Qxb4 cxb4 24. Bc4 Be6 25. Bxe6 fxe6 26. Ke2 Kf7
27. Rc1 Rd7 28. Nd4 Rc7 29. Rc4 c5 30. Nb5 Rc6 31. Na7 Ra6 32. Nb5 Nd7 33. Rc2
Ke7 34. Nc7 Rc6 35. Nb5 c4 36. Nd4 Rc5 37. Kd2 e5 38. Nf3 Nb6 39. e4 b3 40. Rc3
Na4 0-1

[Event "Summer Special"]
[Site "Toronto CAN"]
[Date "1979.08.06"]
[Round "3"]
[White "Brodie, Hugh"]
[Black "Yue (Young), Oliver"]
[Result "1-0"]
[WhiteElo "1777"]
[BlackElo "1662"]
[PlyCount "61"]
[EventDate "1979.08.04"]
[EventType "swiss"]
[EventRounds "9"]
[EventCountry "CAN"]

1. f4 d5 2. e3 g6 3. Nf3 Bg4 4. Be2 Bxf3 5. Bxf3 Bg7 6. d4 Nf6 7. O-O O-O 8. c3
Nbd7 9. Qb3 Nb6 10. Nd2 c6 11. e4 dxe4 12. Nxe4 Nfd5 13. Nc5 Qc7 14. Bxd5 cxd5
15. f5 gxf5 16. Rxf5 e5 17. Qd1 Rad8 18. Qg4 Kh8 19. Rh5 Rd6 20. Qh4 Rg6 21.
Rxh7+ Kg8 22. Rh5 Qc8 23. Bh6 Rg4 24. Qh3 exd4 25. Bxg7 Kxg7 26. Rh7+ Kf6 27.
Qh6+ Rg6 28. Qh4+ Ke5 29. Qe7+ Re6 30. Re1+ Kf5 31. Rh5+ 1-0

[Event "Summer Special"]
[Site "Toronto CAN"]
[Date "1979.08.06"]
[Round "4"]
[White "Albin, Bill"]
[Black "Brodie, Hugh"]
[Result "0-1"]
[WhiteElo "1684"]
[BlackElo "1777"]
[PlyCount "62"]
[EventDate "1979.08.04"]
[EventType "swiss"]
[EventRounds "9"]
[EventCountry "CAN"]

1. e4 c5 2. Nc3 Nc6 3. f4 d6 4. Nf3 g6 5. Bc4 Bg7 6. O-O e6 7. d3 Nge7 8. Qe1
O-O 9. a4 d5 10. Bb5 Nd4 11. Qh4 a6 12. f5 exf5 13. Bh6 Bxh6 14. Qxh6 Nxf3+ 15.
Rxf3 fxe4 16. dxe4 axb5 17. exd5 Nf5 18. Qf4 Nd4 19. Rf2 Bf5 20. Rc1 b4 21. Nb5
Nxb5 22. axb5 Re8 23. Rd1 Re4 24. Qf3 Qe7 25. Qg3 Re1+ 26. Rf1 Qe3+ 27. Qxe3
Rxe3 28. d6 Bxc2 29. Rc1 b3 30. Rf6 Kg7 31. Rcf1 Bf5 0-1